Statistics for generation 7 pokemon made by a 9 year old

Click here to take the quiz!

General Stats

  • This quiz has been taken 31 times
    (30 since last reset)
  • The average score is 64 of 82

Answer Stats

gen 7 pokemonanswer% Correct
fires final formincineroar
96%
fire starterlitten
96%
pick and peckpikipek
96%
water starter that nobody choosespopplio
96%
grass starterrowlet
96%
beware beware beware!!!bewear
91%
waters middle formbrionne
91%
grasses middle formdartrix
91%
grasses final formdecidueye
91%
waters final formprimarina
91%
stuffstufful
91%
fire's middle form=torracat
91%
toucantoucannon
91%
so close to awesomenesscharjabug
87%
brawl crabcrabrawler
87%
foam mantisfomantis
87%
tapuTapu Bulu
87%
tapuTapu Koko
87%
tapuTapu Lele
87%
beaktrumbeak
87%
christmas treexurkitree
87%
nebbycosmoem
83%
nebbycosmog
83%
fly cutecutiefly
83%
evolves into 110% awesome pokemongrubbin
83%
the president of alolagumshoos
83%
lord of the UB'sguzzlord
83%
mo-oJangmo-o
83%
mo-oKommo-o
83%
nebbylunala
83%
moon or sun wich do you preferlycanroc
83%
marshmallow shadowmarshadow
83%
it has 4 formsoricorio
83%
dogrockruff
83%
small sand castlesandygast
83%
nebbysolgaleo
83%
tapuTapu Fini
83%
the pikachu clonetogedemaru
83%
detonating turtleturtonator
83%
gladion's pokemontype: null
83%
electric totem pokemon and extremely awesomevikavolt
83%
its weirdyungoos
83%
punch punchbuzzwole
78%
bominablecrabominable
78%
mo-oHakamo-o
78%
a donkeymudbray
78%
hapu's pokemonmudsdale
78%
the prism pokemonnecrozma
78%
orangutanoranguru
78%
sand castlepalossand
78%
ball ball ball.passimian
78%
kick kickpheromosa
78%
beebomribombee
78%
type changablesilvally
78%
its an ultra beastcelesteela
74%
dhelmisedhelmise
74%
swordkartana
74%
the totem of grassLurantis
74%
lullmorelull
74%
noticshiinotic
74%
I'm extremely poisonoustoxapex
74%
the magikarp of generation 7wishiwashi
74%
sweetbounsweet
70%
the ridiculous spiderdewpider
70%
looks like the evolved form of dunsparcedrampa
70%
scarygolisopod
70%
sleepykomala
70%
James' pokemon for gen 7mareanie
70%
another pikachu clonemimikyu
70%
land itsalandit
70%
wimpywimpod
70%
hhheeelllppp i called its baby ridiculousaraquanid
65%
a fishbruxish
65%
???nihilego
65%
the totem of fire and a pain to getsalazzle
65%
steamysteenee
65%
evolves from _______tsareena
65%
flowerscomfey
61%
a pokemonmagearna
61%
colourfulminior
48%
the nickname of the Pokemon abovetrump
48%
what is this?pyukumuku
43%

Score Distribution

Percentile by Number Answered

Percent of People with Each Score

Your Score History

You have not taken this quiz since the last reset